[Event "Krumbach op"]
[Site "Krumbach"]
[Date "1991.??.??"]
[Round "1"]
[White "Thiel, Thomas"]
[Black "Sinkovics, Peter"]
[Result "0-1"]
[WhiteElo "2220"]
[BlackElo "2370"]

1.e4 c5 2.c3 Nf6 3.e5 Nd5 4.d4 cxd4 5.Nf3 Nc6 6.Bc4 e6 7.cxd4 d6 8.Qe2 Be7
9.O-O O-O 10.Nc3 Nxc3 11.bxc3 Bd7 12.Bd3 f6 13.exd6 Bxd6 14.Rb1 Qc7 15.c4 Nb4
16.Be4 f5 17.Bxb7 Qxb7 18.a3 Qe4 19.Qxe4 fxe4 20.Ng5 Nc6 21.Nxe4 Be7 22.Rb7 Rfd8
23.d5 exd5 24.cxd5 Nd4 25.Be3 Nb5 26.Bc5 Bxc5 27.Nxc5 Be8 28.Ne6 Rxd5 29.Rxg7+ Kh8
30.Rg3 Nd4 31.Nxd4 Rxd4 32.h3 Rad8 33.Kh2 Bg6 34.Re1 R8d7 35.Re5 Ra4 36.Rc3 Kg7
37.Ree3 Re4 38.g4 Rxe3 39.Rxe3 Kf6 40.Kg3 a5 41.f4 Bd3 42.f5 Rd4 43.Re6+ Kf7
44.Rc6 Ra4 45.Rc7+ Kf6 46.Rxh7 Rxa3 47.Rh6+ Kf7 48.Kf4 Bf1 49.h4 Be2 50.Rc6 Ra4+
51.Ke5 Bxg4 52.Rf6+ Ke7 53.Re6+ Kf7 54.Rf6+ Kg7 55.Rg6+ Kh7 56.Rg5 Bd1 57.f6 Bb3  0-1

[Event "Krumbach op"]
[Site "Krumbach"]
[Date "1991.??.??"]
[Round "4"]
[White "Blauert, Joerg"]
[Black "Gutman, Lev"]
[Result "1/2-1/2"]
[WhiteElo "2395"]
[BlackElo "2445"]

1.e4 c5 2.c3 Nf6 3.e5 Nd5 4.d4 cxd4 5.Nf3 d6 6.cxd4 Nc6 7.Bc4 Nb6 8.Bb5 dxe5
9.Nxe5 Bd7 10.Nc3 e6 11.Qg4 h5 12.Qe4 Nxe5 13.dxe5 Bxb5 14.Nxb5 Qd7 15.Nc3 Rc8
16.O-O Rc4 17.Qe2 Qc6 18.Be3 Bb4 19.Rac1 h4 20.h3 Bxc3 21.Rxc3 Rxc3 22.bxc3 Nd5
23.Bxa7 Nxc3 24.Qg4 Rh6 25.Qxg7 Rg6 26.Qh8+ Kd7 27.f3 Ne2+ 28.Kh2 Qc2 29.Bf2 Nf4
30.Qf8  1/2-1/2

[Event "Krumbach op"]
[Site "Krumbach"]
[Date "1991.??.??"]
[Round "4"]
[White "Roeder, Frank"]
[Black "Gallagher, Joseph G"]
[Result "0-1"]
[WhiteElo "2285"]
[BlackElo "2520"]

1.e4 c5 2.c3 Nf6 3.e5 Nd5 4.d4 cxd4 5.cxd4 e6 6.Nc3 Nxc3 7.bxc3 Qc7 8.Bd2 d6
9.f4 Nd7 10.Nf3 g6 11.Bd3 Nb6 12.c4 d5 13.c5 Nc4 14.Bxc4 dxc4 15.Ng5 Qc6
16.Qe2 b6 17.Ne4 Be7 18.Nd6+ Bxd6 19.cxd6 Bb7 20.O-O Qd5 21.Bc3 O-O 22.a4 a6
23.Ra2 Bc6 24.h4 Ra7 25.h5 f5 26.h6 Rb7 27.Qf3 Qxf3 28.gxf3 Kf7 29.Kf2 Ke8
30.Ke3 Kd7 31.Rb1 Rg8 32.Rg1 Bd5 33.Ra3 Kc6 34.Bb4 Ra8 35.Rga1 Rbb8 36.Be1 Rg8
37.Bh4 Rab8 38.Kd2 Rb7 39.Kc3 Rc8 40.Kb4 Kd7 41.Be1 a5+ 42.Kc3 Bxf3 43.Rb1 Be4
44.Rb2 Bd5 45.Ra1 Bc6 46.Bd2 Rcb8 47.Kxc4 b5+ 48.axb5 Bxb5+ 49.Kc3 a4 50.Rb4 Bc6
51.Rab1 Rxb4 52.Rxb4 Ra8 53.Rb1 a3 54.Ra1 Be4 55.Rg1 Bd5 56.Kc2 Rb8 57.Bc3 Be4+
58.Kd2 a2 59.Rc1 Rb1 60.Ba1 Kd8 61.Re1 Bc6 62.Rc1 Kd7 63.Re1 Ke8 64.Rc1 Kd7
65.Re1 Be4 66.Rc1 Kd8 67.Re1 g5 68.fxg5 f4 69.Ke2 Kd7 70.Kf2 Bg6 71.Rg1 Kc6
72.Re1 Bh5 73.Bc3 Bf7 74.d5+ Kd7 75.dxe6+ Kxe6 76.d7 Kxd7 77.e6+ Bxe6 78.g6 Bg8
79.gxh7 Bxh7 80.Rg1 Ke6 81.Rg7 Rc1 82.Bd4 Be4 83.h7 Rh1 84.Rg4 Bxh7 85.Rxf4 a1=Q
86.Bxa1 Rxa1 87.Rh4 Bf5 88.Rb4 Ke5 89.Rb3 Be4 90.Ke3 Rh1 91.Rb5+ Bd5 92.Ra5 Rh3+
93.Kf2 Rc3 94.Rb5 Ke4 95.Rb4+ Bc4 96.Ra4 Kf4 97.Kg2 Rc2+ 98.Kh3 Ke5 99.Kg4 Bd5
100.Ra3 Rh2 101.Ra5 Rg2+ 102.Kh3 Rg1 103.Rb5 Ke4 104.Ra5 Kf3 105.Kh4 Kf4
106.Kh5 Be4 107.Kh6 Rg6+ 108.Kh5 Rc6 109.Ra4 Rb6 110.Rc4 Rb7  0-1

[Event "Krumbach op"]
[Site "Krumbach"]
[Date "1991.??.??"]
[Round "4"]
[White "Roeder, Gerd"]
[Black "Payen, Arnaud"]
[Result "1/2-1/2"]
[WhiteElo "2290"]
[BlackElo "2215"]

1.e4 c5 2.c3 Nf6 3.e5 Nd5 4.d4 cxd4 5.cxd4 Nc6 6.Nc3 Nxc3 7.bxc3 d5 8.Bd3 a6
9.h3 e6 10.Qh5 g6 11.Qe2 h5 12.h4 Be7 13.Nf3 Bd7 14.g3 Qc7 15.O-O Na7 16.a4 Qxc3
17.Bd2 Qc7 18.Rfc1 Bc6 19.Qe1 Qd7 20.Bb4 Nc8 21.Bxe7 Nxe7 22.Qb4 O-O 23.Qd2 Kg7
24.Qg5 Ng8  1/2-1/2

[Event "Krumbach op"]
[Site "Krumbach"]
[Date "1991.??.??"]
[Round "6"]
[White "Roeder, Gerd"]
[Black "Gutman, Lev"]
[Result "1-0"]
[WhiteElo "2290"]
[BlackElo "2445"]

1.e4 c5 2.c3 Nf6 3.e5 Nd5 4.d4 cxd4 5.cxd4 d6 6.Bc4 Nb6 7.Bb3 d5 8.Nc3 Nc6
9.Be3 Bf5 10.Nge2 e6 11.O-O Be7 12.Ng3 Bg6 13.f4 Qd7 14.f5 exf5 15.Qf3 f4
16.Qxf4 Na5 17.Bd1 O-O 18.Bg4 Qd8 19.Nf5 Nac4 20.Bc1 f6 21.e6 Nd6 22.Nxe7+ Qxe7
23.b3 Ne4 24.Nb5 Qb4 25.Be2 Be8 26.Ba3 Nc3 27.Bd3 Qa5 28.Bxf8 Bxb5 29.Bxg7 Kxg7  1-0

[Event "Krumbach op"]
[Site "Krumbach"]
[Date "1991.??.??"]
[Round "7"]
[White "Blauert, Joerg"]
[Black "Sinkovics, Peter"]
[Result "0-1"]
[WhiteElo "2395"]
[BlackElo "2370"]

1.e4 c5 2.c3 Nf6 3.e5 Nd5 4.d4 cxd4 5.Nf3 Nc6 6.Bc4 e6 7.cxd4 d6 8.Qe2 Be7
9.O-O O-O 10.Nc3 Nxc3 11.bxc3 Bd7 12.Bd3 f6 13.exf6 Bxf6 14.Ba3 Qc7 15.Qc2 h6
16.Qe2 Ne7 17.c4 Rae8 18.Rac1 Nf5 19.Qe4 Qa5 20.Bxd6 Nxd6 21.Qh7+ Kf7 22.Bg6+ Ke7
23.Bxe8 Rxe8 24.Qd3 Nf7 25.Rfe1 Kf8 26.Re2 b5 27.Ne5 Bxe5 28.dxe5 Bc6 29.cxb5 Bxb5
30.Qd2 Qa4 31.Re3 Rd8 32.Qc3 Bc6 33.h3 Bd5 34.a3 Kg8 35.Qc7 Rf8 36.Qc3 Ng5
37.Qb4 Qd7 38.Qd4 Qf7 39.Rec3 Qg6 40.Rg3 Qf5 41.h4 Qe4 42.Qxa7 Qxh4 43.Rc7 Nf7
44.Qc5 Qh5 45.Qc2 Qxe5 46.Rc8 Nd6 47.Rxf8+ Kxf8 48.Qc7 Qe1+ 49.Kh2 Nf5 50.Qd8+ Kf7
51.Qd7+ Ne7 52.Qa7 g5 53.Rh3 Qe5+ 54.Kg1 g4 55.Re3 Qf4 56.Re1 h5 57.Qe3 Qf5
58.a4 Ng6 59.Qa7+ Ne7 60.Qe3 Bc6 61.Qd4 h4 62.Re3 h3 63.Qe5 Bxg2 64.Qxf5+ exf5
65.a5 f4 66.Ra3 Ng6 67.Ra1 Nh4  0-1

[Event "ESP-ch"]
[Site "Lleida"]
[Date "1991.??.??"]
[Round "8"]
[White "Castillo, Jose"]
[Black "Cacho Reigadas, Sergio"]
[Result "1-0"]
[WhiteElo "2200"]
[BlackElo "2200"]

1.e4 c5 2.c3 Nf6 3.e5 Nd5 4.d4 cxd4 5.Qxd4 e6 6.Nf3 Nc6 7.Qe4 f5 8.Qe2 Qc7
9.Nbd2 Nf4 10.Qe3 Nd5 11.Qe2 Nf4 12.Qe3 Ng6 13.Nc4 b5 14.Nd6+ Bxd6 15.exd6 Qxd6
16.Bxb5 O-O 17.O-O f4 18.Qe2 a6 19.Rd1 Qc7 20.Bd3 Nce7 21.Ng5 h6 22.Nf3 Bb7
23.b3 e5 24.Ba3 Qc6 25.Bxg6 Nxg6 26.Bxf8 Kxf8 27.Qc4 Qxc4 28.bxc4 Ke7 29.Rab1 Bc6
30.Rb6 a5 31.c5 a4 32.Re1 Kf6 33.h4 h5 34.Rd1 Ra5 35.Rxd7  1-0

[Event "Lloyds Bank op"]
[Site "London"]
[Date "1991.??.??"]
[Round "8"]
[White "Jackson, Sheila"]
[Black "Lalic, Susan"]
[Result "0-1"]
[WhiteElo "2225"]
[BlackElo "2275"]

1.e4 c5 2.c3 Nf6 3.e5 Nd5 4.d4 cxd4 5.Nf3 Nc6 6.Bc4 Nb6 7.Bb3 d5 8.exd6 Qxd6
9.O-O Be6 10.Bxe6 Qxe6 11.Nxd4 Nxd4 12.Qxd4 Rd8 13.Qf4 g6 14.Be3 Bg7 15.Qc7 Nd5
16.Qxb7 O-O 17.Bd4 Bxd4 18.cxd4 Rb8 19.Qxa7 Ra8 20.Qc5 Rfc8 21.Qb5 Rab8 22.Qa5 Rxb2
23.Nd2 Nf4 24.Rae1 Qg4 25.g3 Nh3+ 26.Kg2 Ng5 27.h4 Qh3+ 28.Kg1 Ne6 29.Nb3 Rcc2
30.Qa8+ Kg7 31.Qg2 Qxg2+ 32.Kxg2 Rxa2 33.d5 Nc7 34.Rxe7 Nxd5 35.Re5 Nf6 36.Rc5 Rcb2
37.Nc1 Rxf2+ 38.Rxf2 Rxf2+ 39.Kxf2 Ne4+ 40.Ke3 Nxc5 41.g4 Kf6 42.Kf4 Ne6+
43.Ke4 Ng7 44.Ne2 h5 45.gxh5 Nxh5 46.Nd4 Ng7 47.Nf3 Nf5 48.Kd5 Ne3+ 49.Kd4 Ng2
50.Ke4 Kg7 51.Ke5 f6+ 52.Ke6 f5 53.Ke5 Kh6 54.Kf6 Kh5 55.Ne5 f4 56.Nxg6 f3  0-1

[Event "Malaga op"]
[Site "Malaga"]
[Date "1991.??.??"]
[Round "9"]
[White "Garcia Luque, Agustin"]
[Black "Garcia Trobat, Francisco"]
[Result "0-1"]
[WhiteElo "2345"]
[BlackElo "2305"]

1.e4 c5 2.c3 Nf6 3.e5 Nd5 4.d4 cxd4 5.cxd4 d6 6.Bc4 Nb6 7.Bb3 dxe5 8.Qf3 e6
9.dxe5 Nc6 10.Qg3 Nd7 11.Nf3 Ndxe5 12.Nxe5 Qa5+ 13.Nc3 Qxe5+ 14.Be3 Bb4 15.Qxe5 Nxe5
16.O-O-O Bd7 17.Bd4 Nc6 18.Bxg7 Rg8 19.Bf6 Bxc3 20.Bxc3 Rxg2 21.Rhg1 Rg6
22.Bc2 f5 23.h4 O-O-O 24.h5 Rh6 25.f4 Rxh5 26.Bf6 Rf8 27.Rg7 Rxf6 28.Rdxd7 Rh1+
29.Kd2 Nd8 30.Rc7+ Kb8 31.Rcd7 Kc8 32.Rc7+ Kb8 33.Rcd7 Rf8 34.Bd1 Rh2+ 35.Be2 h5
36.a4 a5 37.Rde7 h4 38.Ke3 h3 39.b4 axb4 40.a5 b3 41.Bf3 Ra2 42.Bxb7 b2 43.Rc7 Rf7  0-1

[Event "Wch U20"]
[Site "Mamaia"]
[Date "1991.??.??"]
[Round "?"]
[White "Degraeve, Jean Marc"]
[Black "Jirovsky, Milos"]
[Result "0-1"]
[WhiteElo "2450"]
[BlackElo "2310"]

1.e4 c5 2.c3 Nf6 3.e5 Nd5 4.d4 cxd4 5.Nf3 Nc6 6.Bc4 Nb6 7.Bb3 d5 8.exd6 Qxd6
9.O-O Be6 10.Na3 dxc3 11.Nb5 Qxd1 12.Rxd1 Rc8 13.Bxe6 fxe6 14.bxc3 g6 15.Ng5 a6
16.Nd4 Nxd4 17.cxd4 Rc6 18.Re1 Bg7 19.Nxe6 Bf6 20.Rb1 Kf7 21.Ng5+ Kg7 22.h4 Rhc8
23.Ba3 h6 24.Nf3 R8c7 25.g4 Rc3 26.Kg2 Nd5 27.Bb2 Rd3 28.Re4 g5 29.hxg5 Bxg5
30.Bc1 Bxc1  0-1

[Event "Wch U20"]
[Site "Mamaia"]
[Date "1991.??.??"]
[Round "?"]
[White "Sequera, Jose"]
[Black "Akopian, Vladimir"]
[Result "0-1"]
[WhiteElo "2285"]
[BlackElo "2590"]

1.e4 c5 2.c3 Nf6 3.e5 Nd5 4.d4 cxd4 5.cxd4 e6 6.Nf3 b6 7.Nc3 Nxc3 8.bxc3 Qc7
9.Bd2 Bb7 10.Bd3 d6 11.O-O Nd7 12.Re1 dxe5 13.Nxe5 Nxe5 14.Rxe5 Bd6 15.Bb5+ Bc6
16.Qf3 O-O-O 17.Bxc6 Bxe5 18.a4 Rd7 19.Bb5 Rd5 20.c4 Rxd4 21.Bc3 Qb7 22.Ba6 Qxa6
23.Bxd4 Bxd4 24.Qc6+ Kb8 25.Qd6+ Ka8 26.Qxd4 Rc8 27.Qe4+ Qb7 28.Qxh7 g6 29.Rc1 a5
30.Qh6 Qd7 31.Qe3 Ka7 32.h3 Qxa4 33.c5 Rxc5 34.Rxc5 Qd1+ 35.Kh2 Qd6+ 36.Re5 f6
37.f4 fxe5 38.fxe5 Qd5 39.Qf4 Ka6 40.g4 b5 41.h4 a4 42.Qg3 b4 43.h5 gxh5
44.gxh5 a3 45.Qe1 a2 46.Qe2+ Kb7 47.Qb2 b3 48.h6 Qd3  0-1

[Event "Manzanillo"]
[Site "Manzanillo"]
[Date "1991.??.??"]
[Round "2"]
[White "Sariego, Wilfredo"]
[Black "Blanco Fernandez, Alvaro"]
[Result "1/2-1/2"]
[WhiteElo "2435"]
[BlackElo "2245"]

1.e4 c5 2.c3 Nf6 3.e5 Nd5 4.d4 cxd4 5.Nf3 Nc6 6.Bc4 Nb6 7.Bb3 d5 8.exd6 Qxd6
9.Na3 a6 10.O-O e6 11.Qe2 Be7 12.Rd1 Bf6 13.Be3 O-O 14.Nxd4 Nxd4 15.Bxd4 Bxd4
16.Rxd4 Qc7 17.Rad1 Bd7 18.Bc2 g6 19.Qd2 Bc6 20.Qg5 Rae8 21.R1d3 Qe7 22.Qd2 e5
23.Rb4 Qc7 24.Qh6 f5 25.Bb3+ Kh8 26.Rh3 Nd5 27.Rbh4 Rf7 28.Bxd5 Bxd5 29.Rg3 Rg8
30.Rxg6 Rfg7 31.Rg3 f4 32.Rxg7 Qxg7 33.Qxg7+ Rxg7 34.g3 Bf3 35.h3 Rd7 36.Kh2 b5
37.c4 b4 38.Nc2 Rd2 39.Ne1 Rxf2+ 40.Kg1 fxg3 41.Nxf3 Rxf3 42.c5 a5 43.c6 Rf7
44.b3 Kg7 45.Kg2 Rc7 46.Rc4 Kf6 47.Kxg3 Ke6 48.Rc5 Kd6 49.Rxa5 Rxc6 50.Kf3 Rc3+
51.Ke4 Rxh3 52.Rd5+  1/2-1/2

[Event "Manzanillo"]
[Site "Manzanillo"]
[Date "1991.??.??"]
[Round "4"]
[White "Sariego, Wilfredo"]
[Black "Ovalles, Otto"]
[Result "1-0"]
[WhiteElo "2435"]
[BlackElo "2260"]

1.e4 c5 2.c3 Nf6 3.e5 Nd5 4.d4 cxd4 5.Nf3 Nc6 6.Bc4 Nb6 7.Bb3 d5 8.exd6 Qxd6
9.Na3 a6 10.O-O e6 11.Qe2 Be7 12.Rd1 Bf6 13.Be3 O-O 14.Nxd4 Nxd4 15.Bxd4 e5
16.Bxb6 Qxb6 17.Nc4 Qc7 18.Ne3 Kh8 19.Nd5 Qc6 20.Nxf6 Qxf6 21.Rd5 Re8 22.Re1 e4
23.Qe3 h6 24.Bc2 Bf5 25.Qf4 Bg6 26.Qxf6 gxf6 27.Bb3 Rad8 28.Red1 Rxd5 29.Rxd5 Re7
30.Kf1 Kg7 31.Ke2 Rc7 32.g4 Kf8 33.h4 Ke7 34.h5 Bh7 35.Ke3 b6 36.a4 Rc6 37.Bc2 Re6
38.Bd1 Ke8 39.Be2 a5 40.Bb5+ Ke7 41.Rd7+ Kf8 42.Bc4 Re7 43.Rd6  1-0

[Event "FRA-ch (Women)"]
[Site "Montpellier"]
[Date "1991.??.??"]
[Round "6"]
[White "Dubois, Martine"]
[Black "Mora, Virginie"]
[Result "1-0"]
[WhiteElo "2050"]
[BlackElo "1740"]

1.e4 c5 2.c3 Nf6 3.e5 Nd5 4.d4 cxd4 5.Nf3 Nc6 6.Bc4 Nb6 7.Bb3 e6 8.O-O dxc3
9.Nxc3 d5 10.exd6 Bxd6 11.Nb5 Bb8 12.Qe2 h6 13.Rd1 Qe7 14.Be3 Nd7 15.Rac1 a6
16.Nbd4 Na7 17.Rc3 O-O 18.Bc2 Nf6 19.Bxh6 gxh6 20.Nf5 Qb4 21.Rd4 Qxb2 22.Nxh6+ Kg7
23.Qe3 Re8 24.Qg5+ Kf8 25.Qxf6  1-0

[Event "FRA-ch Acc"]
[Site "Montpellier"]
[Date "1991.??.??"]
[Round "7"]
[White "Nemirovski, Serge"]
[Black "Bouverot, Oliver"]
[Result "1/2-1/2"]
[WhiteElo "2290"]
[BlackElo "2070"]

1.e4 c5 2.c3 Nf6 3.e5 Nd5 4.d4 cxd4 5.Bc4 Nb6 6.Bb3 Nc6 7.cxd4 d6 8.exd6 Qxd6
9.Nf3 Be6 10.O-O Bxb3 11.Qxb3 e6 12.Nc3 Be7 13.Be3 O-O 14.Rfd1 Rfd8 15.Rac1 Rac8
16.h3 h6 17.g3 Qb4 18.Qc2 Bf6 19.a3 Qe7 20.Qb3 Nd5 21.Nxd5 Rxd5 22.Rc3 Rcd8
23.Rdc1 R8d7 24.Qa4 a6 25.Rxc6 bxc6 26.Qxa6 Rb7 27.b4 Ra7 28.Qxc6 Rxa3 29.b5 Rb3
30.b6 Rdb5 31.Nd2 Rxb6 32.Qc8+ Qf8 33.Nxb3 Rxb3  1/2-1/2

[Event "Moscow6"]
[Site "Moscow"]
[Date "1991.??.??"]
[Round "?"]
[White "Stripunsky, Alexander"]
[Black "Mitenkov, Alexey"]
[Result "1/2-1/2"]
[WhiteElo "2360"]
[BlackElo "2400"]

1.e4 c5 2.c3 Nf6 3.e5 Nd5 4.d4 cxd4 5.Nf3 Nc6 6.cxd4 d6 7.Bc4 e6 8.O-O Be7
9.Qe2 O-O 10.Qe4 b6 11.Bd3 g6 12.Bh6 Re8 13.Nc3 Ncb4 14.Bb5 Bd7 15.Bxd7 Qxd7
16.a3 Nxc3 17.bxc3 Nc6 18.Rfe1 dxe5 19.dxe5 Rad8 20.Ng5 f5 21.Qf3 Bc5 22.Qg3 Qd3
23.Nf3 Qxc3 24.Rac1 Qd3 25.h4 Nd4 26.h5 Nxf3+ 27.gxf3 f4 28.Qxf4 Qf5 29.Qxf5 gxf5
30.Kh2 Kf7 31.Rg1 Rg8 32.f4 Rxg1 33.Rxg1 Rg8 34.Rd1 Ke8 35.f3 Bf8 36.Bg5 Be7
37.Bxe7 Kxe7 38.Rc1 Rd8 39.Rc7+ Rd7 40.Rc8 Rd8 41.Rc7+ Rd7 42.Rc8  1/2-1/2

[Event "Russian Winter op"]
[Site "Moscow"]
[Date "1991.??.??"]
[Round "?"]
[White "Babaeva, F."]
[Black "Guseinov, Aidyn"]
[Result "1/2-1/2"]
[WhiteElo "2030"]
[BlackElo "2375"]

1.e4 c5 2.c3 Nf6 3.e5 Nd5 4.d4 cxd4 5.Nf3 Nc6 6.Bc4 Nb6 7.Bb3 d6 8.exd6 Qxd6
9.O-O Be6 10.Bxe6 Qxe6 11.Nxd4 Nxd4 12.Qxd4 Rd8 13.Qf4 g6 14.Na3 Bg7 15.Be3 O-O
16.Rfe1 Qc6 17.Nc2 e5 18.Qh4 Nc4 19.Bc1 Rfe8 20.Ne3 Nd2 21.Nf1 Nc4 22.Ne3 Nd2
23.Nf1  1/2-1/2

[Event "Nimes op"]
[Site "Nimes"]
[Date "1991.??.??"]
[Round "7"]
[White "Rause, Olita"]
[Black "Lerner, Konstantin Z"]
[Result "0-1"]
[WhiteElo "2175"]
[BlackElo "2545"]

1.e4 c5 2.c3 Nf6 3.e5 Nd5 4.d4 cxd4 5.cxd4 d6 6.Nf3 e6 7.Bd3 Nb4 8.Be2 dxe5
9.a3 e4 10.Ng5 N4c6 11.Be3 g6 12.Nc3 Bg7 13.d5 Bxc3+ 14.bxc3 exd5 15.O-O h6
16.Nh3 Bxh3 17.gxh3 Ne7 18.c4 Nbc6 19.cxd5 Nxd5 20.Bd2 Qd7 21.Qa4 Qe6 22.Rfe1 Nb6
23.Qc2 f5 24.f3 O-O-O 25.fxe4 Kb8 26.Bf4+ Ka8 27.exf5 Qd5 28.Red1 Nd4 29.Qd3 gxf5
30.Bf1 Rhg8+ 31.Kf2 Qh1 32.Ra2 Qg1+ 33.Ke1 Rde8+ 34.Kd2 Qf2+ 35.Kc3 Nd5+
36.Kc4 Qxa2+ 37.Kxd4 Nxf4  0-1

[Event "Oberwart op"]
[Site "Oberwart"]
[Date "1991.??.??"]
[Round "?"]
[White "Rosandic, Denis"]
[Black "Timoshchenko, Gennadi A"]
[Result "1/2-1/2"]
[WhiteElo "2360"]
[BlackElo "2505"]

1.e4 c5 2.c3 Nf6 3.e5 Nd5 4.d4 cxd4 5.Nf3 Nc6 6.cxd4 d6 7.Bc4 Nb6 8.Bb5 dxe5
9.Nxe5 Bd7 10.Nxd7 Qxd7 11.Nc3 Rd8 12.Be3 a6 13.Bxc6 Qxc6 14.O-O g6 15.Re1 Bg7
16.Bg5 Nc8 17.d5 Qd7 18.Qb3 O-O 19.Rad1 h6 20.d6 hxg5 21.dxe7 Nxe7 22.Rxd7 Rxd7
23.Ne4 g4 24.h3 gxh3 25.Qxh3 Nf5 26.g4 Nd4 27.g5 Rd5 28.Kg2 Rf5 29.Rh1 Re8
30.Qh4 Nf3 31.Qh7+ Kf8 32.Nd6 Nxg5 33.Qh4 Rd5 34.Nxe8 Kxe8 35.Qc4 Rd7 36.Qc8+ Rd8
37.Qxb7 Ne6 38.Rc1 a5 39.Qb5+ Ke7 40.Qxa5 Rd4 41.Qa7+ Rd7 42.Qa3+ Kf6 43.Qf3+ Ke7
44.Qa3+ Kf6 45.b4 Rd3 46.Qa6 Kg5 47.Rc4 Bd4 48.Rxd4 Rxd4 49.Qb5+ f5 50.a4 Nf4+
51.Kh2 Nd3 52.a5 Nxf2 53.a6 Kh4 54.a7 Ng4+ 55.Kg2 Rd2+ 56.Kf1 Nh2+ 57.Ke1 Nf3+  1/2-1/2

[Event "Oberwart op"]
[Site "Oberwart"]
[Date "1991.??.??"]
[Round "?"]
[White "Rosandic, Denis"]
[Black "Moiseev, Viktor"]
[Result "1/2-1/2"]
[WhiteElo "2360"]
[BlackElo "2480"]

1.e4 c5 2.c3 Nf6 3.e5 Nd5 4.d4 cxd4 5.Nf3 Nc6 6.cxd4 d6 7.Bc4 Nb6 8.Bb5 dxe5
9.Nxe5 Bd7 10.Nxd7 Qxd7 11.Nc3 e6 12.Qg4 h5 13.Qf3 a6 14.Bxc6 Qxc6 15.Qxc6+ bxc6
16.Be3 Bb4 17.Ke2 Kd7 18.Rhc1 Rhb8 19.Ne4 Nd5 20.Rc2 a5 21.Bd2 Be7 22.f3 a4
23.Nf2 Bf6 24.Bc3 a3 25.Ne4 axb2 26.Nxf6+ gxf6 27.Bxb2 Nb4 28.Rd2 Rxa2 29.Rxa2 Nxa2
30.d5 exd5 31.Bxf6 Nb4 32.g4 Ke6 33.Bd4 hxg4 34.fxg4 Kd6 35.h4 c5 36.Bf6 d4
37.h5 Nd5 38.Bg7 Ke6 39.Kf2 f6 40.Ra2 Kf7 41.Ra7+ Ne7 42.h6 Re8  1/2-1/2

[Event "Oostende op"]
[Site "Oostende"]
[Date "1991.??.??"]
[Round "5"]
[White "Schmittdiel, Eckhard"]
[Black "Vanderwaeren, Serge"]
[Result "1/2-1/2"]
[WhiteElo "2490"]
[BlackElo "2315"]

1.e4 c5 2.c3 Nf6 3.e5 Nd5 4.d4 cxd4 5.Nf3 e6 6.cxd4 d6 7.a3 Bd7 8.Bd3 Bc6
9.O-O Nd7 10.Re1 dxe5 11.dxe5 a5 12.Nd4 g6 13.Nxc6 bxc6 14.Nd2 Bg7 15.Nf3 O-O
16.Qc2 Qc7 17.Qe2 Rab8 18.Bc4 Rb7 19.h4 Nc5 20.Be3 Nxe3 21.Qxe3 Na4 22.b3 Nb6
23.Rad1 a4 24.Rc1 Nxc4  1/2-1/2

[Event "Ostrava"]
[Site "Ostrava"]
[Date "1991.??.??"]
[Round "3"]
[White "Nun, Jiri"]
[Black "Plachetka, Jan"]
[Result "1/2-1/2"]
[WhiteElo "2430"]
[BlackElo "2470"]

1.e4 c5 2.c3 Nf6 3.e5 Nd5 4.d4 cxd4 5.Nf3 e6 6.cxd4 b6 7.a3 Be7 8.Be2 Ba6
9.O-O O-O 10.Bxa6 Nxa6 11.Nbd2 Nac7 12.Ne4 f5 13.exf6 Nxf6 14.Ng3 Ncd5 15.Ne5 Rc8
16.Qd3 Qc7 17.Bg5 Qc2 18.Qxc2 Rxc2 19.Rab1 Rfc8 20.Rfd1 h6 21.Bxf6 gxf6 22.Nf3 Kf7
23.Ne1 R2c4 24.Ne2 b5 25.Rd3 Bd6 26.g3 Bc7 27.Ng2 Rc2 28.Kf1 Bb6 29.Ne3 Nxe3+
30.fxe3 f5 31.Ke1 Ba5+ 32.b4 Bd8 33.Rd2 Bg5 34.Kd1 R2c4 35.Rb3 Ke7 36.Ra2 h5
37.h4 Bh6 38.Kd2 R8c6 39.Kd3 a6 40.a4 bxa4 41.Rxa4 d5  1/2-1/2

[Event "Oviedo rapid"]
[Site "Oviedo"]
[Date "1991.??.??"]
[Round "5"]
[White "Mellado Trivino, Juan"]
[Black "Yakovich, Yuri"]
[Result "0-1"]
[WhiteElo "2270"]
[BlackElo "2530"]

1.e4 c5 2.c3 Nf6 3.e5 Nd5 4.d4 cxd4 5.Qxd4 e6 6.Nf3 Nc6 7.Qe4 f5 8.Qe2 Qc7
9.g3 Nde7 10.Na3 Ng6 11.Nc4 b5 12.Nd6+ Bxd6 13.exd6 Qxd6 14.Qxb5 O-O 15.Be3 f4
16.gxf4 Rb8 17.Qe2 Nxf4 18.Qc2 Qd5 19.Qd1 Rxb2 20.Rg1 Qxd1+ 21.Rxd1 Nd5 22.Bh6 Rf7
23.Bd3 Nf4 24.Bxh7+ Kxh7 25.Ng5+ Kxh6 26.Nxf7+ Kh7 27.Rg4 Ba6 28.Rh4+ Kg6
29.Rg4+ Kf5 30.Rg5+ Kf6 31.Rxd7 Rb7 32.Rxb7 Bxb7 33.Rg4 Nd3+ 34.Kd2 Kxf7
35.f4 Nc5  0-1

[Event "Oviedo rapid"]
[Site "Oviedo"]
[Date "1991.??.??"]
[Round "6"]
[White "Nunez Vallina, Jose Antonio"]
[Black "Cramling, Pia"]
[Result "1/2-1/2"]
[WhiteElo "2380"]
[BlackElo "2470"]

1.e4 c5 2.c3 Nf6 3.e5 Nd5 4.d4 cxd4 5.Nf3 e6 6.cxd4 b6 7.Nc3 Nxc3 8.bxc3 Qc7
9.Qb3 Bb7 10.Be2 d6 11.Bf4 Nd7 12.O-O Be7 13.Bg3 Rc8 14.Rfc1 dxe5 15.Nxe5 Nxe5
16.Bxe5 Qd7 17.a4 f6 18.Bb5 Bc6 19.Bg3 Kf7 20.Re1 Qd5 21.Qxd5 exd5 22.Ba6 Rce8
23.Bc7 Bd8 24.Rxe8 Rxe8 25.Bxd8 Rxd8 26.Bd3 Bd7 27.a5 b5 28.Kf1 Rc8 29.Ra3 Ke7
30.Ke2 h6 31.Kd2 Kd6 32.Rb3 a6 33.Rb1 Rb8 34.Kc2 g5 35.Rb2 Be6 36.Kb3 Rg8
37.Kb4 Bf7 38.Re2 Be6 39.Bh7 Rg7 40.Bd3 h5  1/2-1/2

[Event "CSR-chJ"]
[Site "Pardubice"]
[Date "1991.??.??"]
[Round "?"]
[White "Polak, Tomas"]
[Black "Lipka, Juraj"]
[Result "1-0"]
[WhiteElo "2330"]
[BlackElo "2310"]

1.e4 c5 2.c3 Nf6 3.e5 Nd5 4.d4 cxd4 5.Nf3 Nc6 6.cxd4 d6 7.Bc4 Nb6 8.Bb5 dxe5
9.Nxe5 Qd5 10.Bxc6+ bxc6 11.O-O c5 12.Nc3 Qxd4 13.Nb5 Qxe5 14.Re1 Bg4 15.f3 Rd8
16.Qxd8+ Kxd8 17.Rxe5 Bd7 18.Nc3 e6 19.Re2 Nd5 20.Bg5+ f6 21.Bh4 Nxc3 22.bxc3 Kc7
23.Bg3+ Kc6 24.Rd1 e5 25.Red2 Be6 26.Rd8 Bxa2 27.Ra1 Be6 28.Rxa7 c4 29.Ra6+ Kb5
30.Rxf8 Rxf8 31.Rxe6  1-0

[Event "Paris-ch"]
[Site "Paris"]
[Date "1991.??.??"]
[Round "1"]
[White "Van Dongen, Patrick"]
[Black "Tiviakov, Sergei"]
[Result "0-1"]
[WhiteElo "2250"]
[BlackElo "2520"]

1.e4 c5 2.c3 Nf6 3.e5 Nd5 4.d4 cxd4 5.Nf3 Nc6 6.Bc4 Nb6 7.Bb3 d5 8.exd6 Qxd6
9.O-O e6 10.cxd4 Be7 11.Nc3 O-O 12.Be3 Nd5 13.Qe2 b6 14.Rac1 Bb7 15.Ne4 Qd8
16.Rfd1 Rc8 17.a3 Na5 18.Ba2 Nxe3 19.Qxe3 b5 20.b4 Nc4 21.Bxc4 Rxc4 22.Rxc4 bxc4
23.Ne5 f6 24.Nf3 Bxe4 25.Qxe4 Qd5 26.Re1 Qxe4 27.Rxe4 Rc8 28.Rxe6 c3 29.Re1 a5
30.Rc1 Bxb4 31.axb4 axb4 32.Ne1 b3 33.Nd3 Ra8 34.Kf1 b2 35.Ke1 Ra1 36.Kd1 Rxc1+  0-1

[Event "Paris-ch"]
[Site "Paris"]
[Date "1991.??.??"]
[Round "8"]
[White "Louvert, Eric"]
[Black "Delebarre, Xavier"]
[Result "1-0"]
[WhiteElo "2190"]
[BlackElo "2265"]

1.e4 c5 2.c3 Nf6 3.e5 Nd5 4.d4 cxd4 5.Bc4 Nb6 6.Bb3 Nc6 7.Nf3 d5 8.exd6 Qxd6
9.Nxd4 Nxd4 10.cxd4 Be6 11.O-O Bd5 12.Nc3 e6 13.Nxd5 Nxd5 14.Ba4+ Ke7 15.Bg5+ f6
16.Bh4 Kf7 17.Bg3 Qb6 18.Bb3 g6 19.Bxd5 exd5 20.Rc1 Bd6 21.Qf3 Bxg3 22.Qxd5+ Kg7
23.Qd7+ Kh6 24.Qh3+ Kg7 25.Qxg3 Rhc8 26.b3 Qd8 27.Qe3 Qd7 28.Rxc8 Rxc8 29.Re1 Rc2
30.h3 Rxa2 31.Qe7+ Qxe7 32.Rxe7+ Kf8 33.Rxb7 a5 34.Rxh7 Rb2 35.Ra7 Rxb3 36.Rxa5 Rb4
37.d5 Ke7 38.Kf1 Kd6 39.Ra6+ Ke5 40.Re6+ Kf5 41.Ke2 Rb5 42.g4+ Kg5 43.Ke3 Rb3+
44.Kd4 Rxh3 45.d6 Rh1 46.Re3 Rh7 47.Kd5 Kxg4 48.Kc6  1-0

[Event "JUG-Cup final"]
[Site "Pula"]
[Date "1991.??.??"]
[Round "1"]
[White "Sermek, Drazen"]
[Black "Orlov, Konstantin"]
[Result "1/2-1/2"]
[WhiteElo "2440"]
[BlackElo "2270"]

1.e4 c5 2.c3 Nf6 3.e5 Nd5 4.d4 cxd4 5.Nf3 Nc6 6.Bc4 Nb6 7.Bb3 d5 8.exd6 Qxd6
9.O-O Be6 10.Na3 Bxb3 11.Qxb3 Qd5 12.Nb5 Rc8 13.Nfxd4 Nxd4 14.Nxd4 e6 15.Be3 Bc5
16.Rfd1 O-O 17.Nb5 Qxb3 18.axb3 Bxe3 19.fxe3 a6 20.Nd6 Rc7 21.Rd4 Rd8 22.Rad1 Kf8
23.e4 e5 24.R4d2 Rcd7 25.Kf2 Nc8 26.Nc4 Rxd2+ 27.Nxd2 Ke7 28.Ke3 Nd6 29.Ra1 f5
30.exf5 Nxf5+ 31.Ke2 Nd6 32.Nf3 Kf6 33.Ra5 g5 34.g4 h5 35.h3 hxg4 36.hxg4 Nf7
37.b4 Nh6 38.Rxe5 Nxg4 39.Rxg5 Nh2 40.Rh5 Nxf3 41.Kxf3 Ke6 42.Ke4 Rb8 43.Kd4 Kd6
44.Rh6+ Kc7 45.b5 axb5 46.Kc5 Rg8 47.Rh7+ Kb8 48.Kxb5 Rg5+ 49.Kb4 Ka7 50.c4 Rf5
51.c5 Ka6 52.Rh6+ Ka7 53.Kb5 Rf1 54.b4 Rc1 55.Rh7 Rc2 56.Rc7 Rh2 57.Rd7 Rc2
58.Rd1 Rh2 59.Kc4 Rc2+ 60.Kb3 Rh2 61.b5 Rh3+ 62.Kc4 Rh4+ 63.Rd4 Rh8 64.Kb4 Kb8
65.Rd7 Rc8 66.Re7 Ka8 67.Kc4 Rd8 68.Kb4 Rc8 69.Rf7 Kb8 70.Rd7 Ka8 71.Kc4 Kb8
72.Kd5 Rh8 73.Re7 Kc8 74.Kd6 Rd8+ 75.Ke6 Rh8 76.b6 Rh6+ 77.Kf7 Rh7+ 78.Kf8 Rh8+  1/2-1/2

[Event "JUG-Cup final"]
[Site "Pula"]
[Date "1991.??.??"]
[Round "4"]
[White "Mikac, Matjaz"]
[Black "Marinovic, Bozidar"]
[Result "1/2-1/2"]
[WhiteElo "2425"]
[BlackElo "2355"]

1.e4 c5 2.c3 Nf6 3.e5 Nd5 4.d4 cxd4 5.Nf3 Nc6 6.Bc4 Nb6 7.Bb3 d5 8.exd6 Qxd6
9.O-O Be6 10.Na3 a6 11.Bxe6 Qxe6 12.Nxd4 Nxd4 13.Qxd4 Rd8 14.Qh4 Qg6 15.Be3 Nd5
16.Rad1 e5 17.Qa4+ Qc6 18.Qb3 Bxa3 19.Qxa3 f6 20.Rd3 Nxe3 21.Rxd8+ Kxd8 22.fxe3 Re8
23.Rd1+ Kc7 24.Qa5+ Kb8 25.Qb4 Rc8 26.Rd6 Qc5 27.Qxc5 Rxc5  1/2-1/2